00426nam a2200157Ia 4500100002000000250000600020942000700026654001200033245004400045260002800089082001800117300000800135546001200143999001700155952009600172 aWakerly/John F  a3 cBK adigital aDigital design:Principles and practices bPearson Educationc2001 a621.3815bWAK a972 aENGLISH c26947d26947 001040708CRCaCRCEbCRCEd2023-03-17l0o621.3815 WAKp15840r2023-03-17w2023-03-17yBK